Reducción integrada de los costes industriales / (Record no. 124237)

MARC details
000 -LEADER
campo de control de longitud fija 01132nam a2200253 4500
001 - NÚMERO DE CONTROL
campo de control 124237
003 - IDENTIFICADOR DE NÚMERO DE CONTROL
campo de control ES-MaACL
005 - FECHA Y HORA DE LA ÚLTIMA TRANSACCIÓN
campo de control 20250902023436.0
007 - CAMPO FIJO DE DESCRIPCIÓN FÍSICA--INFORMACIÓN GENERAL
campo de control de longitud fija t|
008 - DATOS DE LONGITUD FIJA--INFORMACIÓN GENERAL
campo de control de longitud fija 070214s1964 sp r ||||1| spa d
100 1# - ENTRADA PRINCIPAL--NOMBRE DE PERSONA
Nombre de persona De Marco, Allan V.
9 (RLIN) 43062
245 10 - MENCIÓN DEL TÍTULO
Título Reducción integrada de los costes industriales /
Mención de responsabilidad, etc. [informe de Allan V. De Marco para la Agencia Europea de Productividad de la Organizacion de Cooperacion y Desarrollo Económicos] ; revisión y prólogo, A. García-Martín Suárez ; [traducido por Antonio Ortega Godoy].
260 ## - PUBLICACIÓN, DISTRIBUCIÓN, ETC.
Lugar de publicación, distribución, etc. Barcelona :
Nombre del editor, distribuidor, etc. Sagitario,
Fecha de publicación, distribución, etc. 1964.
300 ## - DESCRIPCIÓN FÍSICA
Extensión 239 p. :
Otras características físicas il. ;
Dimensiones 22 cm.
490 1# - MENCIÓN DE SERIE
Mención de serie Administración de empresas
500 ## - NOTA GENERAL
Nota general Tít. orig.:. Réduction des coûts industriels.
700 1# - ENTRADA AGREGADA--NOMBRE PERSONAL
Nombre de persona Ortega Godoy, Antonio.
9 (RLIN) 87461
700 1# - ENTRADA AGREGADA--NOMBRE PERSONAL
Nombre de persona García-Martín Suárez, Antonio.
9 (RLIN) 54905
710 2# - ENTRADA AGREGADA--NOMBRE DE ENTIDAD CORPORATIVA
Nombre de entidad corporativa o nombre de jurisdicción como elemento de entrada Organización de Cooperación y Desarrollo Económico.
Unidad subordinada Agencia Europea de Productividad.
9 (RLIN) 6056
740 0# - ENTRADA AGREGADA--TÍTULO RELACIONADO/ANALÍTICO NO CONTROLADO
Título relacionado o analítico no controlado Réduction des coûts industriels.
830 00 - PUNTO DE ACCESO ADICIONAL DE SERIE-TÍTULO UNIFORME
Título uniforme Administración de empresas (Sagitario)
9 (RLIN) 185693
852 ## - LOCALIZACIÓN
Ubicación ES-MaACL
Número de control de estantería C-25226
Sublocalización o colección R.54093
Holdings
Estatus retirado Estado de pérdida Estado de daño No para préstamo Biblioteca de origen Biblioteca actual Ubicación en estantería Fecha de adquisición Fuente de adquisición Total de préstamos Signatura topográfica completa Código de barras Visto por última vez Precio de reemplazo Tipo de ítem Koha
        Biblioteca del Ateneo de Madrid Biblioteca del Ateneo de Madrid Depósito 2 17/01/2008     C-25226 1129429 23/02/2023 23/02/2023 Libro impreso